[Event "Pfalz op-B 11th"]
[Site "Neustadt an der Weinstrasse"]
[Date "2020.02.23"]
[Round "5"]
[White "Henn, Peter"]
[Black "Fruth, David"]
[Result "0-1"]
[WhiteElo "1791"]
[BlackElo "1681"]
[PlyCount "32"]
[EventDate "2020.02.21"]
[EventType "swiss"]
[EventRounds "7"]
[EventCountry "GER"]
[SourceTitle "CBM 195 Extra"]
[Source "ChessBase"]
[SourceDate "2020.05.31"]
[SourceVersion "1"]
[SourceVersionDate "2020.05.31"]
[SourceQuality "1"]

1. Nf3 Nf6 2. d4 g6 3. c4 Bg7 4. Nc3 0-0 5. e4 d6 6. h3 Nbd7 7. Be3 c5 8. d5 a6 9. Qc2 Rb8 10. Bd3 b5 11. cxb5 axb5 12. Bxb5 Nxe4 13. Bd3 Rxb2 14. Qxb2 Bxc3+ 15. Qxc3 Nxc3 16. Bd2 Nxd5 0-1

[Event "Pfalz op-B 11th"]
[Site "Neustadt an der Weinstrasse"]
[Date "2020.02.23"]
[Round "4"]
[White "Wacker, Manfred"]
[Black "Henn, Peter"]
[Result "1/2-1/2"]
[WhiteElo "1710"]
[BlackElo "1791"]
[PlyCount "75"]
[EventDate "2020.02.21"]
[EventType "swiss"]
[EventRounds "7"]
[EventCountry "GER"]
[SourceTitle "CBM 195 Extra"]
[Source "ChessBase"]
[SourceDate "2020.05.31"]
[SourceVersion "1"]
[SourceVersionDate "2020.05.31"]
[SourceQuality "1"]

1. d4 e6 2. c4 f5 3. g3 Nf6 4. Bg2 d5 5. Nh3 c6 6. 0-0 Bd6 7. Bf4 0-0 8. Nd2 Qe7 9. Bxd6 Qxd6 10. Nf4 b6 11. Rc1 Nbd7 12. b4 Bb7 13. a4 e5 14. dxe5 Nxe5 15. cxd5 cxd5 16. Qb3 Rad8 17. Rfd1 Kh8 18. e3 Qe7 19. Ne2 Ne4 20. Nd4 Rd7 21. h3 h6 22. N2f3 Nxf3+ 23. Nxf3 g5 24. Qb2+ Kh7 25. Qe5 Qf7 26. Qb2 Re7 27. Rc2 Qf6 28. Qxf6 Rxf6 29. Rdc1 Rff7 30. Nd4 f4 31. exf4 gxf4 32. g4 Nd6 33. Nc6 Bxc6 34. Rxc6 Ne4 35. Rd1 f3 36. Bf1 Rf6 37. Rxf6 Nxf6 38. Rd3 1/2-1/2

[Event "Pfalz op-B 11th"]
[Site "Neustadt an der Weinstrasse"]
[Date "2020.02.22"]
[Round "2"]
[White "Schwartz, Oliver"]
[Black "Henn, Peter"]
[Result "1-0"]
[WhiteElo "1700"]
[BlackElo "1791"]
[PlyCount "91"]
[EventDate "2020.02.21"]
[EventType "swiss"]
[EventRounds "7"]
[EventCountry "GER"]
[SourceTitle "CBM 195 Extra"]
[Source "ChessBase"]
[SourceDate "2020.05.31"]
[SourceVersion "1"]
[SourceVersionDate "2020.05.31"]
[SourceQuality "1"]

1. e4 e6 2. d4 d5 3. e5 c5 4. c3 Qb6 5. Nf3 Nc6 6. a3 c4 7. h4 Bd7 8. g3 Na5 9. Nbd2 Nb3 10. Nxb3 Ba4 11. Nfd2 Rc8 12. Bh3 Bxb3 13. Nxb3 cxb3 14. 0-0 h5 15. Bg5 Be7 16. Qd2 Bxg5 17. Qxg5 g6 18. f4 Qd8 19. Qxd8+ Kxd8 20. a4 Rc4 21. Ra3 Kc8 22. Rfa1 Ne7 23. Rxb3 a6 24. Rba3 Kb8 25. a5 Rhc8 26. Kf2 R4c6 27. Rc1 b5 28. axb6 Rxb6 29. b3 Nc6 30. Ke3 Na7 31. Bf1 Nb5 32. Bxb5 Rxb5 33. c4 Rb4 34. Kd3 Ka7 35. Rc3 dxc4+ 36. bxc4 Rb1 37. c5 Rc6 38. Kc4 Rd1 39. Rd3 Rc1+ 40. Rac3 Rxc3+ 41. Rxc3 Kb7 42. Rd3 Rc8 43. d5 exd5+ 44. Rxd5 Kc7 45. Rd6 Ra8 46. Rf6 1-0

[Event "Pfalz op-B 9th"]
[Site "Neustadt an der Weinstrasse"]
[Date "2018.02.12"]
[Round "6"]
[White "Henn, Peter"]
[Black "Rieger, Mario"]
[Result "1-0"]
[WhiteElo "1751"]
[BlackElo "1916"]
[PlyCount "51"]
[EventDate "2018.02.09"]
[EventType "swiss"]
[EventRounds "7"]
[EventCountry "GER"]
[SourceTitle "CBM 182 Extra"]
[Source "ChessBase"]
[SourceDate "2018.02.23"]
[SourceVersion "1"]
[SourceVersionDate "2018.02.23"]
[SourceQuality "1"]

1. d4 d6 2. c4 e5 3. dxe5 dxe5 4. Qc2 Be6 5. g3 Nf6 6. Bg2 c6 7. a3 Nbd7 8. Nd2 Qb6 9. Ne4 Nxe4 10. Bxe4 Bc5 11. e3 f5 12. Bxf5 Bxf5 13. Qxf5 g6 14. Qc2 Rf8 15. Nh3 Be7 16. e4 Bc5 17. 0-0 0-0-0 18. Kg2 Nf6 19. f3 Be3 20. Bxe3 Qxe3 21. Rad1 Rxd1 22. Rxd1 Ng4 23. fxg4 Qf3+ 24. Kg1 Qe3+ 25. Nf2 Rf3 26. Qd2 1-0

[Event "Pfalz op-B 9th"]
[Site "Neustadt an der Weinstrasse"]
[Date "2018.02.12"]
[Round "7"]
[White "Lohvinov, Petro"]
[Black "Henn, Peter"]
[Result "1-0"]
[WhiteElo "1839"]
[BlackElo "1751"]
[PlyCount "61"]
[EventDate "2018.02.09"]
[EventType "swiss"]
[EventRounds "7"]
[EventCountry "GER"]
[SourceTitle "CBM 182 Extra"]
[Source "ChessBase"]
[SourceDate "2018.02.23"]
[SourceVersion "1"]
[SourceVersionDate "2018.02.23"]
[SourceQuality "1"]

1. e4 e6 2. d4 d5 3. Nd2 Nf6 4. e5 Nfd7 5. Bd3 c5 6. c3 a6 7. Ne2 b5 8. 0-0 Nc6 9. Nf3 Be7 10. Be3 Bb7 11. Ne1 c4 12. Bc2 f5 13. Nf4 Nf8 14. g4 Bc8 15. gxf5 exf5 16. Qf3 Be6 17. Nxe6 Nxe6 18. Bxf5 Nf8 19. e6 Bf6 20. Ng2 Ne7 21. Bg4 Nfg6 22. h4 0-0 23. Qh3 Re8 24. h5 Nf8 25. f4 h6 26. Ne1 Kh8 27. Nf3 Nc6 28. Rae1 Be7 29. Kh1 Nh7 30. Bf5 Nf8 31. Rg1 1-0

[Event "Mittelrhein Verbandsliga Ost 1314"]
[Site "Mittelrhein"]
[Date "2013.09.15"]
[Round "1.8"]
[White "Porten, Daniel"]
[Black "Henn, Peter"]
[Result "0-1"]
[WhiteElo "1951"]
[BlackElo "1735"]
[PlyCount "68"]
[EventDate "2013.09.15"]
[EventType "team-tourn"]
[EventRounds "11"]
[EventCountry "GER"]
[SourceTitle "EXT 2023"]
[Source "ChessBase"]
[SourceDate "2022.10.05"]
[SourceVersion "1"]
[SourceVersionDate "2022.10.05"]
[SourceQuality "1"]
[WhiteTeam "Niederkassel II"]
[BlackTeam "Godesberg IV"]
[WhiteTeamCountry "GER"]
[BlackTeamCountry "GER"]

1. Nf3 d5 2. c4 e6 3. g3 f5 4. Bg2 Nf6 5. 0-0 c6 6. d3 Bd6 7. b3 0-0 8. Bb2 Nbd7 9. Nbd2 Qe7 10. d4 b6 11. Qc2 Bb7 12. e3 Ne4 13. Rae1 Rac8 14. Nxe4 fxe4 15. Nd2 g5 16. f3 exf3 17. Bxf3 e5 18. e4 dxc4 19. Nxc4 Bb4 20. Rd1 exd4 21. e5 Bc5 22. Kg2 Qe6 23. Qe4 b5 24. Bg4 Qe7 25. Na5 Ba8 26. Rxf8+ Rxf8 27. Bxd7 Qxd7 28. Rc1 Bb6 29. Nxc6 d3 30. e6 Qe8 31. Qe5 Bxc6+ 32. Rxc6 Rf2+ 33. Kg1 Re2+ 34. Rxb6 Rxe5 0-1